A new framework for building participation in the arts (Record no. 219955)
[ view plain ]
| 000 -LEADER | |
|---|---|
| fixed length control field | 01589nam a2200409 a 4500 |
| 082 04 - DEWEY DECIMAL CLASSIFICATION NUMBER | |
| Classification number | 700/.973 |
| 100 1# - MAIN ENTRY--AUTHOR NAME | |
| Personal name | McCarthy, Kevin F., |
| 245 12 - TITLE STATEMENT | |
| Title | A new framework for building participation in the arts |
| 260 ## - PUBLICATION, DISTRIBUTION, ETC. (IMPRINT) | |
| Place of publication | Santa Monica, Calif. : |
| Name of publisher | RAND, |
| Year of publication | c2001. |
| 300 ## - PHYSICAL DESCRIPTION | |
| Number of Pages | xv, 112 p. : |
| Other physical details | ill. |
| 500 ## - GENERAL NOTE | |
| General note | "MR-1323." |
| General note | "Supported by the Wallace-Reader's Digest Funds." |
| 650 #0 - SUBJECT ADDED ENTRY--TOPICAL TERM | |
| Topical Term | Arts |
| Topical Term | Arts facilities |
| Topical Term | Arts surveys |
| 700 1# - ADDED ENTRY--PERSONAL NAME | |
| Personal name | Jinnett, Kimberly. |
| 856 40 - ELECTRONIC LOCATION AND ACCESS | |
| Uniform Resource Identifier | http://site.ebrary.com/lib/rucke/Doc?id=10505561 |
No items available.
